<?xml version="1.0" encoding="UTF-8"?>
<record
    xmlns:xsi="http://www.w3.org/2001/XMLSchema-instance"
    xsi:schemaLocation="http://www.loc.gov/MARC21/slim http://www.loc.gov/standards/marcxml/schema/MARC21slim.xsd"
    xmlns="http://www.loc.gov/MARC21/slim">

  <leader>00746nam a22002417a 4500</leader>
  <controlfield tag="005">20231102151838.0</controlfield>
  <controlfield tag="008">150715b    2015mx ||||| |||| 00| 0 spa d</controlfield>
  <datafield tag="020" ind1=" " ind2=" ">
    <subfield code="a">9786074066739</subfield>
  </datafield>
  <datafield tag="050" ind1="1" ind2="4">
    <subfield code="a">KGF4624 M48 2015</subfield>
  </datafield>
  <datafield tag="100" ind1=" " ind2=" ">
    <subfield code="a">S/N</subfield>
    <subfield code="9">3403</subfield>
  </datafield>
  <datafield tag="245" ind1="1" ind2="0">
    <subfield code="a">Fisco Agenda 2015/</subfield>
  </datafield>
  <datafield tag="250" ind1=" " ind2=" ">
    <subfield code="a">48a edici&#xF3;n</subfield>
  </datafield>
  <datafield tag="260" ind1=" " ind2=" ">
    <subfield code="a">M&#xE9;xico:</subfield>
    <subfield code="b">ISEF,</subfield>
    <subfield code="c">2015</subfield>
  </datafield>
  <datafield tag="300" ind1=" " ind2=" ">
    <subfield code="a">1089 pa&#xE1;ginas </subfield>
  </datafield>
  <datafield tag="337" ind1=" " ind2=" ">
    <subfield code="a">Texto </subfield>
  </datafield>
  <datafield tag="338" ind1=" " ind2=" ">
    <subfield code="a">Sin medio </subfield>
  </datafield>
  <datafield tag="339" ind1=" " ind2=" ">
    <subfield code="a">Vol&#xFA;men </subfield>
  </datafield>
  <datafield tag="500" ind1=" " ind2=" ">
    <subfield code="a">EDUCACI&#xD3;N MAX
Derecho/Derecho fiscal (P07-L2)(20 002832) </subfield>
  </datafield>
  <datafield tag="504" ind1=" " ind2=" ">
    <subfield code="a">Incluye:
&#xCD;ndice de contenido y de casos pr&#xE1;cticos </subfield>
  </datafield>
  <datafield tag="650" ind1="1" ind2="4">
    <subfield code="x">IMPUESTOS</subfield>
    <subfield code="z">M&#xC9;XICO</subfield>
    <subfield code="2">LEGISLACI&#xD3;N </subfield>
    <subfield code="9">1401</subfield>
  </datafield>
  <datafield tag="942" ind1=" " ind2=" ">
    <subfield code="2">lcc</subfield>
    <subfield code="c">LB</subfield>
  </datafield>
  <datafield tag="952" ind1=" " ind2=" ">
    <subfield code="0">0</subfield>
    <subfield code="1">0</subfield>
    <subfield code="2">lcc</subfield>
    <subfield code="4">0</subfield>
    <subfield code="7">0</subfield>
    <subfield code="a">20</subfield>
    <subfield code="b">20</subfield>
    <subfield code="d">2015-10-31</subfield>
    <subfield code="l">19</subfield>
    <subfield code="o">KGF4624 M48 2015</subfield>
    <subfield code="p">20 002832</subfield>
    <subfield code="q">2024-08-10</subfield>
    <subfield code="r">2025-02-08</subfield>
    <subfield code="s">2024-08-03</subfield>
    <subfield code="t">1</subfield>
    <subfield code="w">2015-10-31</subfield>
    <subfield code="y">LB</subfield>
  </datafield>
  <datafield tag="999" ind1=" " ind2=" ">
    <subfield code="c">97277</subfield>
    <subfield code="d">97277</subfield>
  </datafield>
</record>
